[Event "Cellavision Cup 2018"]
[Site "Lund"]
[Date "2018.08.03"]
[Round "3"]
[White "Ahlander, Bjorn"]
[Black "Nilsson, Anders"]
[Result "1-0"]
[WhiteElo "2433"]
[BlackElo "2228"]
[Annotator "TA"]
[PlyCount "89"]
[EventDate "2018.08.03"]
[EventType "swiss"]
[EventCountry "SWE"]
[SourceTitle "playchess.com"]
[Source "ChessBase"]
[SourceQuality "1"]

{[%evp 16,89,30,30,59,59,54,45,71,68,83,86,109,95,120,110,142,127,125,108,125,97,270,268,270,207,213,212,176,120,177,178,222,231,232,224,223,226,224,184,254,254,281,281,282,270,305,278,296,166,395,395,395,395,437,374,372,372,370,338,416,318,416,349,352,354,504,487,758,747,1179,1125,1258,1082,29985,29976]} 1. d4 e6 2. c4 Nf6 3. Nf3 Bb4+ 4. Nbd2 d5 5. a3 Be7 6. g3 O-O 7. Bg2 c6 {E11: Bogo-Indian} (7... b6 8. cxd5 exd5 9. O-O c5 10. dxc5 bxc5 11. e4 Bb7 12. exd5 Bxd5 13. Ne5 Bxg2 14. Kxg2 Qd5+ 15. Qf3 Rc8 {½-½ (51) Lysyj,I (2670)-Grachev,B (2661) Vladivostok 2014}) 8. O-O Nbd7 9. Qc2 {LiveBook: 5 Games} Re8 {White has an edge.} 10. e4 dxe4 11. Nxe4 Nxe4 12. Qxe4 c5 13. Rd1 cxd4 $146 ({Predecessor:} 13... Qb6 14. Qe2 Bf6 15. d5 {1-0 (38) Ledovski,A-Schreiner,W Mecklenburg VP 2003}) 14. Nxd4 Nc5 15. Qe2 Bf6 16. Be3 Qe7 17. Nb5 Nb3 18. Rab1 $36 {[%mdl 2048] [#] Hoping for Qc2. White is really pushing.} a6 $2 (18... e5 $16 {might work better.}) 19. Nd6 $18 Rd8 20. c5 e5 21. Bd5 Be6 22. Qc4 ({Better is} 22. Bxb7 $18 Rab8 23. Bxa6) 22... Nd4 (22... Na5 $16 23. Qe4 Bxd5 24. Qxd5 (24. Rxd5 Nc6 $16) 24... Rab8) 23. Bxd4 Bxd5 24. Qxd5 exd4 25. Qxb7 Qxb7 26. Nxb7 Rd7 27. Nd6 Rb8 (27... Be7 $142 28. Rxd4 Rad8) 28. b4 h5 29. Kg2 g6 30. Kf3 Rbd8 31. a4 {[%cal Ba3a4,Ba4b5,Bb5b6,Bb6b7][%mdl 32]} Rc7 32. Rbc1 (32. Nc4 $142) 32... Kf8 $2 (32... Bg5 {is a better defense.}) 33. b5 axb5 34. axb5 Be5 35. Ne4 Rd5 {Now ...f5 and Black clings on.} 36. b6 Rc6 37. b7 Rd8 38. Rb1 f5 39. Nd6 Rb8 40. Nc4 Bc7 (40... Rxc5 {keeps fighting.} 41. Nxe5 Rxe5 42. Rxd4 Re7) 41. Rb5 Ra6 (41... Rd8 $142 42. Nd6 Ke7 43. Rxd4 Ke6) 42. Rxd4 Ra7 43. c6 {[#] Threatens to win with Rd7.} Ra6 44. Rc5 Ke7 45. Rd7+ {Precision: White = 80%, Black = 29%.} 1-0

[Event "Cellavision Cup 2018"]
[Site "Lund"]
[Date "2018.08.03"]
[Round "3"]
[White "Hansen, Torbjorn Ringdal"]
[Black "Wengholm, Anders"]
[Result "1-0"]
[WhiteElo "2422"]
[BlackElo "2203"]
[Annotator "TA"]
[PlyCount "47"]
[EventDate "2018.08.03"]
[EventType "swiss"]
[EventCountry "SWE"]
[SourceTitle "playchess.com"]
[Source "ChessBase"]
[SourceQuality "1"]

{[%evp 28,47,-10,-10,-2,-27,-16,-54,-27,-40,-39,-34,-39,-65,0,-31,141,141,163,122,187,178]} 1. e4 c5 2. Nf3 d6 3. Bb5+ Bd7 4. Bxd7+ Qxd7 5. O-O Nc6 6. c3 Nf6 7. Re1 e6 8. d4 cxd4 9. cxd4 d5 10. e5 Ne4 11. Nbd2 Nxd2 12. Bxd2 Be7 13. Rc1 O-O 14. Rc3 Rfc8 {B52: Sizilianisch (Rossolimo-Variante)} 15. a3 {LiveBook: 80 Partien} (15. h4 Bd8 16. Rd3 Qc7 17. Ng5 h6 18. Nh3 Ne7 19. Bc3 b5 20. Nf4 Nf5 21. Qg4 Bxh4 22. Nh5 {½-½ (52) Nakamura,H (2769)-Grischuk,A (2766) Paris 2018}) 15... b6 16. h4 $146 ({Vorgänger:} 16. Rd3 Qd8 17. h4 Bxh4 18. Nxh4 Qxh4 19. Rg3 Qxd4 20. Bh6 g6 21. Qe2 Ne7 22. Bg5 {½-½ (46) Schneider,D (2477)-Hamitevici,V (2440) London 2012}) 16... Na5 {Schwarz hat minimalen Vorteil.} 17. Rd3 Nc4 18. Bc3 a5 19. Ng5 {[#] Und weiter mit Dh5 wäre nett.} h6 20. Nh3 Bxh4 21. Qg4 $1 {[%cal Rg4h4]} Qe7 $2 (21... Be7 $15) 22. g3 $16 {[%mdl 1024] Weiss hat starke Kompensation.} Bg5 23. f4 {[#]} f5 (23... Bf6 $1 $16 {[%mdl 512]} 24. Nf2 (24. exf6 Qxf6 25. f5 Qxf5 $16) 24... b5) 24. Qh5 1-0

[Event "Cellavision Cup 2018"]
[Site "Lund"]
[Date "2018.08.03"]
[Round "3"]
[White "Lindberg, Bengt"]
[Black "Torngren, Gustav"]
[Result "1-0"]
[WhiteElo "2416"]
[BlackElo "2030"]
[Annotator "NA"]
[PlyCount "89"]
[EventDate "2018.08.03"]
[EventType "swiss"]
[EventCountry "SWE"]
[SourceTitle "playchess.com"]
[Source "ChessBase"]
[SourceQuality "1"]
[TimeControl "900+5"]

1. e4 {[%emt 0:00:00]} c5 {[%emt 0:00:00]} 2. Nf3 {[%emt 0:00:00]} g6 {[%emt 0:00:00]} 3. d4 {[%emt 0:00:02]} cxd4 {[%emt 0:00:00]} 4. Nxd4 {[%emt 0:00:02]} Bg7 {[%emt 0:00:00]} 5. c4 {[%emt 0:00:02]} Nf6 {[%emt 0:00:00]} 6. Nc3 {[%emt 0:00:03]} Nc6 {[%emt 0:00:01]} 7. Nc2 {[%emt 0:00:02]} O-O {[%emt 0:00:02]} 8. Be2 {[%emt 0:00:20]} d6 {[%emt 0:00:02]} 9. O-O {[%emt 0:00:04]} a5 {[%emt 0:00:04]} 10. Na3 {[%emt 0:00:20]} Nd7 {[%emt 0:00:12]} 11. Bd2 {[%emt 0:00:04]} Nc5 {[%emt 0:00:03]} 12. Nab5 {[%emt 0:00:17]} f5 {[%emt 0:00:17]} 13. exf5 {[%emt 0:00:25]} Bxf5 {[%emt 0:00:01]} 14. Be3 {[%emt 0:00:12]} Nb4 {[%emt 0:01:36]} 15. Nd4 {[%emt 0:00:44]} Bd7 {[%emt 0:00:24]} 16. Qd2 {[%emt 0:01:36]} Rc8 {[%emt 0:00:28]} 17. Rad1 {[%emt 0:00:17]} Rf7 {[%emt 0:00:33]} 18. a3 {[%emt 0:01:03]} Bxd4 {[%emt 0:00:28]} 19. Bxd4 {[%emt 0:01:00]} Nb3 {[%emt 0:00:04]} 20. Qg5 {[%emt 0:00:31]} Nxd4 {[%emt 0:00:18]} 21. Rxd4 {[%emt 0:00:03]} Nc6 {[%emt 0:00:07]} 22. Rd2 {[%emt 0:00:22]} Ne5 {[%emt 0:00:29]} 23. b3 {[%emt 0:00:18]} Rf5 {[%emt 0:00:15]} 24. Qe3 {[%emt 0:00:09]} Qf8 {[%emt 0:00:27]} 25. f4 {[%emt 0:00:11]} Nf7 {[%emt 0:01:26]} 26. Nd5 {[%emt 0:00:35]} Re8 {[%emt 0:01:07]} 27. g4 {[%emt 0:00:09]} Rxd5 {[%emt 0:00:50]} 28. cxd5 {[%emt 0:00:09]} e5 {[%emt 0:00:27]} 29. dxe6 {[%emt 0:00:28]} Bxe6 {[%emt 0:00:05]} 30. Qg3 {[%emt 0:00:06]} Qg7 {[%emt 0:01:33]} 31. f5 {[%emt 0:00:18]} gxf5 {[%emt 0:00:07]} 32. gxf5 {[%emt 0:00:02]} Qxg3+ {[%emt 0:00:14]} 33. hxg3 {[%emt 0:00:03]} Bxb3 {[%emt 0:00:01]} 34. Bh5 {[%emt 0:00:36]} d5 {[%emt 0:01:11]} 35. Re2 {[%emt 0:02:31]} Rd8 {[%emt 0:00:57]} 36. Re7 {[%emt 0:00:03]} d4 {[%emt 0:00:56]} 37. Rxb7 {[%emt 0:01:16]} Bd5 {[%emt 0:00:02]} 38. Re7 {[%emt 0:00:19]} Nd6 {[%emt 0:00:25]} 39. f6 {[%emt 0:00:23]} d3 {[%emt 0:00:46]} 40. Rf4 {[%emt 0:01:35]} Bf7 {[%emt 0:00:30]} 41. Bd1 {[%emt 0:00:25]} Rc8 {[%emt 0:00:44]} 42. Rd4 {[%emt 0:00:23]} Nf5 {[%emt 0:00:03]} 43. Rxd3 {[%emt 0:00:24]} Nxe7 {[%emt 0:00:10]} 44. fxe7 {[%emt 0:00:01]} Bg6 {[%emt 0:00:06]} 45. Rd8+ {[%emt 0:00:14]} 1-0

[Event "Cellavision Cup 2018"]
[Site "Lund"]
[Date "2018.08.03"]
[Round "3"]
[White "Kristensen, Kaare Hove"]
[Black "Shirov, Alexei"]
[Result "0-1"]
[WhiteElo "2342"]
[BlackElo "2631"]
[Annotator "TA"]
[PlyCount "60"]
[EventDate "2018.08.03"]
[EventType "swiss"]
[EventCountry "SWE"]
[SourceTitle "playchess.com"]
[Source "ChessBase"]
[SourceQuality "1"]

{[%evp 17,59,15,14,0,0,2,8,0,11,11,26,14,42,0,0,0,0,0,21,13,19,10,25,-237,-239,-218,-226,-226,-252,-522,-501,-1189,-1179,-29994,-29993,-29993,-29994,-29995,-311,-29996,-29997,-29998,-29999,-29999]} 1. e4 {[%cal Be2e4,Be4e5][%mdl 32]} e5 2. Nf3 Nc6 3. d4 exd4 4. Bc4 Bc5 5. c3 Nf6 6. e5 d5 7. Be2 {C54: Giuoco Piano: 4 c3 Nf6, main lines with 5 d4 and 5 d3} d3 8. exf6 dxe2 9. Qxe2+ Kf8 {LiveBook: 4 Games} 10. fxg7+ $146 ({Predecessor:} 10. Be3 Bxe3 11. fxg7+ Kxg7 12. fxe3 Re8 13. O-O Qe7 14. Re1 Bf5 15. Nbd2 {½-½ (15) Nisipeanu,L (2654)-Ragger,M (2688) Helsingor 2015}) 10... Kxg7 11. O-O Re8 12. Qd3 h6 13. Nbd2 {[%cal Bb1d2,Bd2b3,Bb3d4][%mdl 32]} Bg4 14. Nb3 Bb6 15. Nbd4 Qf6 16. Be3 Qg6 $36 {[%mdl 2048] Black fights for an advantage.} 17. Qd2 Kh7 {...Nxd4 is the strong threat.} 18. Nh4 Qf6 19. Qd3+ Kh8 {aiming for ...Ne5.} 20. Nhf5 $2 {[%mdl 8192]} (20. Nxc6 $11 {and White has nothing to worry.} bxc6 21. Bd4 Bxd4 22. Qxd4 Qxd4 23. cxd4) 20... Ne5 $19 21. Qc2 {[#]} c5 $1 {[%cal Rc5d4]} 22. Nxh6 cxd4 23. cxd4 $2 {[#]} (23. Nxg4 Nxg4 24. Bxd4 Bxd4 25. cxd4) 23... Nf3+ $1 {[%mdl 512]} 24. gxf3 (24. Kh1 $142 Be6 25. Rad1) 24... Bxf3 {( -> ...Qg7+)} 25. h3 {[#]} Qxh6 $1 {[%mdl 512]} 26. Bxh6 Rg8+ {[%cal Be8g8,Bg8g2,Bg2g1][%mdl 32]} 27. Kh2 Rg2+ 28. Kh1 Rag8 {[%cal Rg2f2] Black mates.} (28... Rxf2+ $2 29. Kg1 $17) 29. Qf5 Rg1+ $1 30. Kh2 R8g2# {Precision: White = 33%, Black = 50%.} 0-1

[Event "Cellavision Cup 2018"]
[Site "Lund"]
[Date "2018.08.03"]
[Round "3"]
[White "Malmstig, Erik"]
[Black "Sumets, Andrey"]
[Result "0-1"]
[WhiteElo "2308"]
[BlackElo "2575"]
[Annotator "ChessBase"]
[PlyCount "94"]
[EventDate "2018.08.03"]
[EventType "swiss"]
[EventCountry "SWE"]
[SourceTitle "playchess.com"]
[Source "ChessBase"]
[SourceQuality "1"]
[TimeControl "900+5"]

1. d4 {[%emt 0:00:00]} Nf6 {[%emt 0:00:00]} 2. Bg5 {[%emt 0:00:00]} d5 {[%emt 0:00:15]} 3. Bxf6 {[%emt 0:00:01]} gxf6 {[%emt 0:00:02]} 4. e3 {[%emt 0:00:14]} c5 {[%emt 0:00:06]} 5. Nd2 {[%emt 0:00:12]} e5 {[%emt 0:00:32]} 6. dxe5 {[%emt 0:00:15]} fxe5 {[%emt 0:00:07]} 7. e4 {[%emt 0:00:01]} Bg7 {[%emt 0:01:50]} 8. Qh5 {[%emt 0:00:44]} d4 {[%emt 0:00:26]} 9. Ngf3 {[%emt 0:00:16]} Nc6 {[%emt 0:00:26]} 10. Bc4 {[%emt 0:00:16]} Qe7 {[%emt 0:00:18]} 11. Ng5 {[%emt 0:00:48]} Nd8 {[%emt 0:00:03]} 12. Bb5+ {[%emt 0:00:16]} Kf8 {[%emt 0:00:36]} 13. O-O {[%emt 0:01:49]} h6 {[%emt 0:00:04]} 14. Nh3 {[%emt 0:00:18]} Qe6 {[%emt 0:01:59]} 15. Be2 {[%emt 0:00:36]} Qg6 {[%emt 0:00:12]} 16. Qxg6 {[%emt 0:00:40]} fxg6 {[%emt 0:00:02]} 17. f4 {[%emt 0:00:01]} Bxh3 {[%emt 0:00:27]} 18. gxh3 {[%emt 0:00:07]} Ke7 {[%emt 0:00:38]} 19. fxe5 {[%emt 0:00:27]} Bxe5 {[%emt 0:00:44]} 20. Nf3 {[%emt 0:00:35]} Bf4 {[%emt 0:02:44]} 21. Bc4 {[%emt 0:00:12]} Nc6 {[%emt 0:00:51]} 22. Bd5 {[%emt 0:00:27]} g5 {[%emt 0:00:24]} 23. Rad1 {[%emt 0:00:19]} Rhf8 {[%emt 0:00:13]} 24. Kg2 {[%emt 0:00:09]} Nb4 {[%emt 0:00:07]} 25. Bb3 {[%emt 0:00:26]} Rad8 {[%emt 0:00:14]} 26. c3 {[%emt 0:00:55]} dxc3 {[%emt 0:00:59]} 27. bxc3 {[%emt 0:00:02]} Rxd1 {[%emt 0:00:24]} 28. Rxd1 Nc6 29. Bd5 {[%emt 0:00:13]} Rf6 {[%emt 0:00:25]} 30. Rb1 {[%emt 0:01:31]} b6 {[%emt 0:00:04]} 31. Re1 {[%emt 0:00:05]} Ne5 {[%emt 0:00:06]} 32. Nxe5 {[%emt 0:00:11]} Bxe5 {[%emt 0:00:01]} 33. c4 {[%emt 0:00:05]} Kd6 {[%emt 0:00:07]} 34. Re2 {[%emt 0:00:16]} Bf4 {[%emt 0:00:05]} 35. a4 {[%emt 0:00:15]} Ke5 {[%emt 0:00:01]} 36. Rf2 {[%emt 0:00:29]} Kd4 {[%emt 0:00:05]} 37. h4 {[%emt 0:00:23]} g4 {[%emt 0:00:24]} 38. e5 {[%emt 0:00:40]} Bxe5 {[%emt 0:00:20]} 39. Rxf6 {[%emt 0:00:18]} Bxf6 {[%emt 0:00:01]} 40. Kg3 {[%emt 0:00:01]} Kc3 {[%emt 0:00:06]} 41. Kxg4 {[%emt 0:00:15]} Kb4 {[%emt 0:00:15]} 42. Kh5 {[%emt 0:00:12]} Kxa4 {[%emt 0:00:03]} 43. Kxh6 {[%emt 0:00:01]} Bxh4 {[%emt 0:00:04]} 44. Kh5 {[%emt 0:00:20]} Be1 {[%emt 0:00:25]} 45. Kg4 {[%emt 0:00:39]} Kb3 {[%emt 0:00:01]} 46. Kf3 {[%emt 0:01:10]} a5 {[%emt 0:00:02]} 47. Ke2 {[%emt 0:00:02]} a4 {[%emt 0:00:23]} 0-1

[Event "Cellavision Cup 2018"]
[Site "Lund"]
[Date "2018.08.03"]
[Round "3"]
[White "Vernersson, Per"]
[Black "Urkedal, Frode Olav Olsen"]
[Result "0-1"]
[WhiteElo "2290"]
[BlackElo "2537"]
[Annotator "ChessBase"]
[PlyCount "120"]
[EventDate "2018.08.03"]
[EventType "swiss"]
[EventCountry "SWE"]
[SourceTitle "playchess.com"]
[Source "ChessBase"]
[SourceQuality "1"]
[TimeControl "900+5"]

1. d4 {[%emt 0:00:00]} Nf6 {[%emt 0:00:00]} 2. c4 {[%emt 0:00:00]} e6 {[%emt 0:00:00]} 3. g3 {[%emt 0:00:04]} c5 {[%emt 0:00:01]} 4. Nf3 {[%emt 0:00:09]} cxd4 {[%emt 0:00:03]} 5. Nxd4 {[%emt 0:00:02]} d5 {[%emt 0:00:14]} 6. Bg2 {[%emt 0:00:31]} e5 {[%emt 0:00:02]} 7. Nf3 {[%emt 0:00:10]} d4 {[%emt 0:00:01]} 8. O-O {[%emt 0:00:11]} Nc6 {[%emt 0:00:01]} 9. e3 {[%emt 0:00:21]} Be7 {[%emt 0:00:08]} 10. exd4 {[%emt 0:00:09]} exd4 {[%emt 0:00:02]} 11. Bg5 {[%emt 0:00:21]} O-O {[%emt 0:00:08]} 12. Nbd2 {[%emt 0:00:04]} h6 {[%emt 0:00:10]} 13. Bxf6 {[%emt 0:00:03]} Bxf6 {[%emt 0:00:01]} 14. Ne4 {[%emt 0:00:45]} Bf5 {[%emt 0:00:08]} 15. Re1 {[%emt 0:00:23]} Re8 {[%emt 0:00:19]} 16. Nxf6+ {[%emt 0:00:08]} Qxf6 {[%emt 0:00:02]} 17. Qd2 {[%emt 0:00:20]} Bg4 {[%emt 0:00:53]} 18. Qd3 {[%emt 0:00:19]} Bf5 {[%emt 0:00:37]} 19. Qd2 {[%emt 0:00:50]} d3 {[%emt 0:00:05]} 20. Nh4 {[%emt 0:00:53]} Bh7 {[%emt 0:00:12]} 21. Rxe8+ {[%emt 0:00:44]} Rxe8 {[%emt 0:00:06]} 22. Re1 {[%emt 0:00:01]} Rxe1+ {[%emt 0:00:17]} 23. Qxe1 {[%emt 0:00:02]} Qe5 {[%emt 0:01:25]} 24. Kf1 {[%emt 0:01:35]} Qb8 {[%emt 0:01:30]} 25. Bd5 {[%emt 0:00:49]} Qd8 {[%emt 0:00:38]} 26. Nf3 {[%emt 0:00:40]} Bf5 {[%emt 0:00:13]} 27. Nd2 {[%emt 0:00:17]} Qd7 {[%emt 0:02:34]} 28. Qe3 {[%emt 0:00:10]} Nb4 {[%emt 0:00:12]} 29. Bf3 {[%emt 0:00:48]} Nc2 {[%emt 0:00:17]} 30. Qe5 {[%emt 0:00:50]} b6 {[%emt 0:01:56]} 31. a3 {[%emt 0:01:09]} Bh3+ {[%emt 0:00:26]} 32. Bg2 {[%emt 0:00:15]} g6 {[%emt 0:00:25]} 33. Ne4 {[%emt 0:00:50]} Bxg2+ {[%emt 0:00:03]} 34. Kxg2 {[%emt 0:00:03]} Qd4 {[%emt 0:00:38]} 35. Qxd4 {[%emt 0:00:42]} Nxd4 {[%emt 0:00:02]} 36. f4 {[%emt 0:00:06]} f5 {[%emt 0:00:34]} 37. Nf2 {[%emt 0:00:18]} d2 {[%emt 0:00:07]} 38. Nd1 {[%emt 0:00:02]} g5 {[%emt 0:00:07]} 39. Kf2 {[%emt 0:00:05]} g4 {[%emt 0:00:27]} 40. Ke3 {[%emt 0:00:27]} Nf3 {[%emt 0:00:02]} 41. h3 {[%emt 0:00:22]} Kf7 {[%emt 0:00:09]} 42. hxg4 {[%emt 0:00:06]} fxg4 {[%emt 0:00:02]} 43. Ke4 Ke6 {[%emt 0:01:04]} 44. b4 {[%emt 0:00:06]} h5 {[%emt 0:00:02]} 45. c5 {[%emt 0:00:08]} bxc5 {[%emt 0:00:01]} 46. bxc5 {[%emt 0:00:01]} h4 {[%emt 0:00:02]} 47. gxh4 {[%emt 0:00:06]} Nxh4 {[%emt 0:00:06]} 48. Ke3 {[%emt 0:00:24]} g3 {[%emt 0:00:13]} 49. Nc3 {[%emt 0:00:06]} g2 {[%emt 0:00:17]} 50. Kf2 {[%emt 0:00:04]} Nf5 {[%emt 0:00:34]} 51. Nd1 {[%emt 0:00:16]} Nh4 {[%emt 0:00:16]} 52. Nc3 {[%emt 0:00:00]} a6 {[%emt 0:00:13]} 53. c6 {[%emt 0:00:21]} Ke7 {[%emt 0:00:22]} 54. f5 {[%emt 0:00:05]} Nxf5 {[%emt 0:00:05]} 55. Kxg2 {[%emt 0:00:03]} Ne3+ {[%emt 0:00:01]} 56. Kf3 {[%emt 0:00:03]} d1=Q+ {[%emt 0:00:02]} 57. Nxd1 {[%emt 0:00:01]} Nxd1 {[%emt 0:00:02]} 58. Ke2 {[%emt 0:00:04]} Nc3+ {[%emt 0:00:01]} 59. Kd3 {[%emt 0:00:01]} Nb5 {[%emt 0:00:01]} 60. a4 {[%emt 0:00:09]} Nc7 {[%emt 0:00:03]} 0-1

[Event "Cellavision Cup 2018"]
[Site "Lund"]
[Date "2018.08.03"]
[Round "3"]
[White "Krantz, Christopher"]
[Black "Maiorov, Nikita"]
[Result "0-1"]
[WhiteElo "2240"]
[BlackElo "2504"]
[Annotator "ChessBase"]
[PlyCount "62"]
[EventDate "2018.08.03"]
[EventType "swiss"]
[EventCountry "SWE"]
[SourceTitle "playchess.com"]
[Source "ChessBase"]
[SourceQuality "1"]
[TimeControl "900+5"]

1. d4 {[%emt 0:00:00]} Nf6 {[%emt 0:00:00]} 2. Nf3 {[%emt 0:00:00]} e6 {[%emt 0:00:00]} 3. c3 {[%emt 0:00:04]} c5 {[%emt 0:00:10]} 4. Bg5 {[%emt 0:00:03]} h6 {[%emt 0:00:23]} 5. Bxf6 {[%emt 0:00:02]} Qxf6 {[%emt 0:00:02]} 6. e4 {[%emt 0:00:02]} cxd4 {[%emt 0:00:04]} 7. cxd4 {[%emt 0:00:03]} Qd8 {[%emt 0:00:08]} 8. Nc3 {[%emt 0:00:18]} Be7 {[%emt 0:00:01]} 9. Bd3 {[%emt 0:00:35]} d6 {[%emt 0:00:02]} 10. O-O {[%emt 0:00:06]} Nd7 {[%emt 0:00:02]} 11. Qe2 {[%emt 0:00:50]} a6 {[%emt 0:00:16]} 12. e5 {[%emt 0:01:13]} dxe5 {[%emt 0:01:01]} 13. dxe5 {[%emt 0:00:12]} Nc5 {[%emt 0:00:01]} 14. Bc2 {[%emt 0:00:42]} O-O {[%emt 0:00:10]} 15. b4 {[%emt 0:00:55]} Nd7 {[%emt 0:00:02]} 16. Rfd1 {[%emt 0:02:31]} Qb6 {[%emt 0:00:29]} 17. Rab1 {[%emt 0:00:34]} Rd8 {[%emt 0:00:03]} 18. Ne4 {[%emt 0:00:36]} Nf8 {[%emt 0:00:07]} 19. Rxd8 {[%emt 0:00:12]} Qxd8 {[%emt 0:00:01]} 20. a4 {[%emt 0:02:33]} Bd7 {[%emt 0:00:07]} 21. h3 {[%emt 0:00:41]} Bc6 {[%emt 0:00:18]} 22. b5 {[%emt 0:00:23]} axb5 {[%emt 0:00:01]} 23. axb5 {[%emt 0:00:02]} Bd5 {[%emt 0:00:01]} 24. Nc3 {[%emt 0:00:41]} Bxf3 {[%emt 0:00:10]} 25. Qxf3 {[%emt 0:00:11]} Ra3 {[%emt 0:00:05]} 26. Rb3 {[%emt 0:00:27]} Ra1+ {[%emt 0:02:14]} 27. Rb1 {[%emt 0:00:12]} Qa5 {[%emt 0:00:08]} 28. Rxa1 {[%emt 0:00:53]} Qxa1+ {[%emt 0:00:02]} 29. Nb1 {[%emt 0:01:05]} Qxe5 {[%emt 0:00:11]} 30. b6 {[%emt 0:00:26]} Qe1+ {[%emt 0:00:21]} 31. Kh2 {[%emt 0:00:02]} Bc5 {[%emt 0:00:01]} 0-1

[Event "Cellavision Cup 2018"]
[Site "Lund"]
[Date "2018.08.03"]
[Round "3"]
[White "Angskog, Kent"]
[Black "Jepson, Christian"]
[Result "0-1"]
[WhiteElo "2204"]
[BlackElo "2415"]
[Annotator "TA"]
[PlyCount "86"]
[EventDate "2018.08.03"]
[EventType "swiss"]
[EventCountry "SWE"]
[SourceTitle "playchess.com"]
[Source "ChessBase"]
[SourceQuality "1"]

{[%evp 9,86,-46,-24,-26,-3,-30,-30,-25,-26,-45,-42,-27,-38,-44,-16,-34,-6,-4,-23,-14,-19,-17,0,-18,-9,-12,0,-24,0,0,27,41,74,38,70,37,40,0,0,0,22,29,64,66,65,-23,-28,-26,-48,-56,0,0,20,0,0,0,0,-107,0,0,0,-142,-112,-167,-37,-577,-562,-554,-550,-521,-465,-606,-574,-2140,-1860,-29992,-29993,-29996,-29997]} 1. c4 e6 2. g3 d5 3. Bg2 g6 (3... Nf6 4. d4 dxc4 5. Nf3 Nc6 6. O-O Rb8 7. e3 Be7 8. Qe2 b5 9. b3 cxb3 10. axb3 O-O 11. Bd2 Bb7 12. Rc1 a6 13. Ne1 Nd5 14. Nd3 Qd7 15. Nc3 {1-0 (24) So,W (2780)-Wei,Y (2729) chess.com INT 2018}) 4. Nc3 d4 $146 ({Predecessor:} 4... dxc4 5. Qa4+ c6 6. Qxc4 Bg7 7. d3 Ne7 8. Nf3 O-O 9. O-O Nd7 10. Bg5 {1-0 (42) Hammari,J-Utsi,N Hammerfest 1993}) 5. Nb5 a6 6. Na3 {A13: English Opening: 1...e6} c5 7. b4 cxb4 8. Nc2 $1 {Black has an edge.} Nc6 9. d3 a5 10. Nf3 Nge7 11. O-O Bg7 12. Rb1 O-O 13. a3 bxa3 14. Bxa3 Ra6 15. Ng5 f5 16. e3 dxe3 17. fxe3 h6 18. Nf3 Re8 19. d4 g5 20. Qe2 Ng6 21. Rfd1 g4 22. Nfe1 Rb6 23. Bc5 Rxb1 24. Rxb1 e5 {[%cal Re5d4]} 25. d5 Nb4 26. Nxb4 axb4 27. Nc2 (27. Bxb4 $14 e4 28. Bf1) 27... e4 $11 28. Bxb4 Ne5 29. Nd4 Nd3 ({Better is} 29... Nf3+ $1 $15 30. Bxf3 exf3) 30. Bc3 Qc7 31. Nb5 Qc5 $1 32. Bxg7 Kxg7 33. h3 {[#]} (33. Qd2 $11) 33... h5 (33... gxh3 $1 $17 {Strongly threatening ...f4.} 34. Bxh3 f4) 34. hxg4 hxg4 35. Rf1 (35. Qd2 $11 {remains equal.}) 35... Rf8 36. Nd4 Qxc4 (36... Qc7 $19 37. Qd2 Qxg3) 37. Ne6+ $2 {[%mdl 8192] [#]} ({White should play} 37. Rxf5 $1 $15 Bxf5 38. Nxf5+ Rxf5 39. Qxg4+ Kf6 40. Qh4+ Rg5 41. Qh6+ Rg6 42. Qf8+ Ke5 43. Qe8+ Kxd5 44. Qxg6 Qc1+ 45. Kh2 Qxe3 46. Qf7+ Kd4 47. Qxb7) 37... Bxe6 $19 38. dxe6 Qxe6 39. Rb1 Rf7 40. Qc2 Qe5 41. Qc8 Qxg3 42. Rxb7 Qxe3+ 43. Kh2 g3+ {Precision: White = 27%, Black = 33%.} 0-1